Loading...
| Auditory Arts | 3 | 20.00 | 100% | 100% | 0% |
| Beliefs | 5 | 14.00 | 100% | 40% | 0% |
| Current Events | 2 | 15.00 | 100% | 50% | 0% |
| Fine Arts - Other Arts | 5 | 18.00 | 100% | 60% | 20% |
| History - American History | 4 | 15.00 | 100% | 25% | 25% |
| History - Ancient History | 2 | 20.00 | 100% | 50% | 50% |
| History - European History | 5 | 12.00 | 100% | 20% | 0% |
| History - Other History | 1 | 10.00 | 100% | 0% | 0% |
| History - World History | 5 | 10.00 | 100% | 0% | 0% |
| Literature - American Literature | 8 | 12.50 | 100% | 25% | 0% |
| Literature - British Literature | 6 | 11.67 | 83% | 17% | 17% |
| Literature - World Literature | 5 | 8.00 | 40% | 40% | 0% |
| Philosophy | 3 | 10.00 | 33% | 33% | 33% |
| Science - Biology | 5 | 8.00 | 80% | 0% | 0% |
| Science - Chemistry | 4 | 5.00 | 50% | 0% | 0% |
| Science - Other Science | 6 | 11.67 | 83% | 33% | 0% |
| Science - Physics | 5 | 6.00 | 40% | 20% | 0% |
| Social Science | 8 | 12.50 | 100% | 25% | 0% |
| Visual Arts | 6 | 13.33 | 83% | 50% | 0% |